00571nam a2200205 a 4500001001300000003000900013005001700022008004100039020002300080082001600103100001600119245005600135260004400191300000900235500003500244505001000279650004000289650002000329700001600349nice12345678IN_TiNIC20260116012740.0050524s1993 lona grp 000 0 eng  a0192133 c32500a362.85bROB aRobb, Peter aDalit Movements and the Meanings of Labour in India aLondan bOxford University Press c1993 a354p aincludes index and biblioraphy2 aIndex aLabourers-Socio-Economic Conditions aIndia-Labourers1 aRobb, Peter